| 000 | 00505nam a2200193Ia 4500 | ||
|---|---|---|---|
| 003 | GCL | ||
| 008 | 140319s9999 xx 000 0 eng d | ||
| 040 |
_aGCL / _cGCL |
||
| 082 | 0 | 4 |
_a294.5923 _bR M |
| 100 | 1 | _aRAJAGOPALACHARI , C | |
| 245 | 1 | 0 |
_aMAHABHARATA / _cRAJAGOPALACHARI , C |
| 260 |
_a[S.N] : _bBHARATIYA VIDYA BHAVAN ، _c1985 |
||
| 300 | _a332 P | ||
| 490 |
_aBHAVAN'S BOOK UNIVERSITY _v0 |
||
| 650 | 0 | 4 | _aINDIA - RELIGION |
| 650 | 0 | 4 | _aHINDUISM |
| 650 | 0 | 4 | _aMAHABHARATA |
| 942 |
_2ddc _cBK |
||
| 999 |
_c19624 _d19624 |
||